000 00720nam a2200289Ia 4500
005 20260324125227.0
008 008 260324s9999 xx 000 0 eng d
020 _a9780203867754
037 _aEBOOK
040 _aCRL
040 _beng
040 _cCRL
041 _2eng
041 _aeng
084 _qCRL
100 _aAndrea McGowan; Colin Forster; David Brookes; Vicki Parfitt
_91177179
245 0 _aEnglish Homework for Key Stage 2
245 0 _bActivity-Based Learning
260 _bTaylor and Francis
260 _c2009
365 _a
365 _b230
856 _uhttp://www.taylorfrancis.com/books/9780203867754
942 _cEBOOK
999 _c1772239
_d1772239